000
00348cam a2200145ua 4500
041
_a
eng
_h
082
_a
342.02
_b
FRI/CO
100
_a
Frienrich, Frienrich .
245
_a
Constitutional Goverment and Democracy
260
_a
:
_b
Oxford & IBH pu. Company ,
_c
1966.
300
_a
687 ; .
504
_a
942
_c
BK
999
_c
11173
_d
11173